Modern architecture : (Record no. 8890)

MARC details
000 -LEADER
fixed length control field 02337cam a2200373 i 4500
001 - CONTROL NUMBER
control field 23763892
003 - CONTROL NUMBER IDENTIFIER
control field OSt
005 - DATE AND TIME OF LATEST TRANSACTION
control field 20260414141707.0
008 - FIXED-LENGTH DATA ELEMENTS--GENERAL INFORMATION
fixed length control field 240705s2025 enkae b 001 0 eng
010 ## - LIBRARY OF CONGRESS CONTROL NUMBER
LC control number 2024030971
020 ## - INTERNATIONAL STANDARD BOOK NUMBER
International Standard Book Number 9781032517964
Qualifying information (hardback)
020 ## - INTERNATIONAL STANDARD BOOK NUMBER
International Standard Book Number 9781032517940
Qualifying information (paperback)
020 ## - INTERNATIONAL STANDARD BOOK NUMBER
Canceled/invalid ISBN 9781003403975
Qualifying information (ebook)
035 ## - SYSTEM CONTROL NUMBER
System control number 23763892
040 ## - CATALOGING SOURCE
Original cataloging agency DLC
Language of cataloging eng
Description conventions rda
Transcribing agency DLC
Modifying agency DLC
042 ## - AUTHENTICATION CODE
Authentication code pcc
050 00 - LIBRARY OF CONGRESS CALL NUMBER
Classification number NA500
Item number .L58 2025
082 00 - DEWEY DECIMAL CLASSIFICATION NUMBER
Classification number 724 L58 2025
Edition number 23/eng/20240923
100 1# - MAIN ENTRY--PERSONAL NAME
Personal name Livesey, Graham,
Dates associated with a name 1960-
Relator term author.
245 10 - TITLE STATEMENT
Title Modern architecture :
Remainder of title the basics /
Statement of responsibility, etc. Graham Livesey ; drawings by Mohammad Moezzi.
264 #1 - PRODUCTION, PUBLICATION, DISTRIBUTION, MANUFACTURE, AND COPYRIGHT NOTICE
Place of production, publication, distribution, manufacture London ;
-- New York :
Name of producer, publisher, distributor, manufacturer Routledge, Taylor & Francis Group,
Date of production, publication, distribution, manufacture, or copyright notice 2025.
300 ## - PHYSICAL DESCRIPTION
Extent vi, 275 pages :
Other physical details illustrations ;
Dimensions 21 cm.
336 ## - CONTENT TYPE
Content type term text
Content type code txt
Source rdacontent
336 ## - CONTENT TYPE
Content type term still image
Content type code sti
Source rdacontent
337 ## - MEDIA TYPE
Media type term unmediated
Media type code n
Source rdamedia
338 ## - CARRIER TYPE
Carrier type term volume
Carrier type code nc
Source rdacarrier
490 0# - SERIES STATEMENT
Series statement The basics
504 ## - BIBLIOGRAPHY, ETC. NOTE
Bibliography, etc. note Includes bibliographical references and index.
520 ## - SUMMARY, ETC.
Summary, etc. "Modern Architecture: The Basics examines technological, stylistic, socio-political, and cultural changes that have transformed the history of architecture since the late eighteenth century. Broad definitions of modernity and postmodernity introduce the book, which comprises twenty-four short thematic chapters looking at the concepts behind the development of modern and postmodern architecture. These include major historical movements, key figures, and evolving building typologies. There is also an emphasis on the changing city during the nineteenth and twentieth centuries. Approaches to representation and its impacts on architecture are studied, along with the changing global role of architecture as cultural expression. The book introduces new topics, including gender, race, postcolonialism, and indigeneity. An undaunting, contemporary, and inclusive account of modern architectural history, this is a must-read for all students of architecture as well as those outside the discipline approaching the subject for the first time"--
Assigning source Provided by publisher.
650 #0 - SUBJECT ADDED ENTRY--TOPICAL TERM
Topical term or geographic name entry element Architecture, Modern.
906 ## - LOCAL DATA ELEMENT F, LDF (RLIN)
a 7
b cip
c orignew
d 1
e ecip
f 20
g y-gencatlg
942 ## - ADDED ENTRY ELEMENTS (KOHA)
Source of classification or shelving scheme Dewey Decimal Classification
Koha item type English Book
Suppress in OPAC No
Holdings
Withdrawn status Lost status Source of classification or shelving scheme Damaged status Not for loan Home library Current library Date acquired Total Checkouts Full call number Barcode Date last seen Price effective from Koha item type
    Dewey Decimal Classification     CENTRAL TUWAIQ 04/14/2026   724 L58 2025 1000000029168 04/14/2026 04/14/2026 English Book